Welches Land kommt alphabetisch dazwischen? #1 - Statistiken

Allgemein
  • Dieses Quiz wurde 132 mal gespielt
  • Das Durchschnittsergebnis liegt bei 10 aus 15
Antwortstatistiken
davor Land danach % Korrekt
Slowakei Slowenien Somalia
92%
Irland Island Israel
85%
Japan Jemen Jordanien
78%
Burundi Chile China
69%
Fidschi Finnland Frankreich
69%
Usbekistan Vanuatu Vatikanstadt
69%
Panama Papua-Neuguinea Paraguay
66%
Bosnien und Herzegowina Botswana Brasilien
62%
Vietnam Zentralafrikanische Republik Zypern
60%
Tuvalu Uganda Ukraine
59%
Thailand Togo Tonga
57%
Katar Kenia Kirgisistan
56%
Montenegro Mosambik Myanmar
51%
Algerien Andorra Angola
49%
Georgien Ghana Grenada
45%
Keine übereinstimmenden Quizze gefunden
Verteilung der Resultate
Anzahl Personen mit jedem Resultat
Perzentil nach korrekt beantworteten Fragen
Ihre Resultats-Entwicklung
Sie haben dieses Quiz noch nicht gespielt